[Event "ARG-ch Najdorf Memorial"]
[Site "Buenos Aires"]
[Date "1999.11.25"]
[Round "6"]
[White "Sorin, Ariel"]
[Black "Hoffman, Alejandro"]
[Result "1-0"]
[WhiteElo "2501"]
[BlackElo "2524"]
[Annotator "Baburin,A"]
[PlyCount "61"]
[EventDate "1999.11.19"]
[EventType "tourn"]
[EventRounds "13"]
[EventCountry "ARG"]
[EventCategory "9"]
[SourceTitle "CBM 074"]
[Source "ChessBase"]
[SourceDate "2000.02.01"]
[SourceVersion "1"]
[SourceVersionDate "2000.02.01"]
[SourceQuality "1"]

1. d4 d5 2. c4 e6 3. Nc3 c6 4. cxd5 exd5 5. Qc2 Nf6 6. Bg5 Nbd7 7. e3 h6 8. Bh4
Be7 9. Bd3 Nh5 10. Bxe7 Qxe7 {The system with ...Nh5 is hard to crack,
although usually White enjoys lasting strategic initiative here.} 11. Nge2 ({
White can also develop this knight to f3, for example:} 11. O-O-O Nb6 12. Kb1
Bd7 13. h3 O-O-O 14. Nf3 Kb8 15. Rc1 Nf6 16. Nd2 Rhe8 17. Rhe1 Bc8 18. Ka1 Nfd7
19. Ne2 Nf6 20. Ng3 g6 21. a3 h5 22. f3 h4 23. Ngf1 Nh5 $132 {Bareev-Berkovich,
New York Open USA 1998.}) 11... Nb6 12. O-O-O ({White used a similar plan in
the game Lazarev-Gomez Esteban, Elgoibar 1999:} 12. h3 Bd7 13. O-O-O O-O-O 14.
Kb1 Kb8 15. Nc1 g6 16. Rhe1 Ng7 17. f3 Rhe8 18. Qf2 {After} Ka8 19. Bc2 Nc4 20.
e4 Qb4 21. Bb3 Be6 22. Nd3 Qa5 23. Nc5 Bc8 24. Bxc4 dxc4 25. Qh4 h5 26. Qf6 {
he eventually won.}) 12... Bd7 13. Kb1 O-O-O 14. Nc1 g6 15. Rhe1 Kb8 16. Nb3
Ng7 17. f3 $1 {[%mdl 4] White does not hurry to put the knight to c5, as there
it might be exchanged after ...Ne6. Instead White prepares to play in the
centre - something, for which his pieces are suitably placed.} Be6 18. Qf2 Qc7
19. Rc1 Nc4 20. Nc5 Bc8 21. e4 $1 $16 Qxh2 $2 22. f4 Nh5 23. Bxc4 Qxf4 ({After
} 23... dxc4 {White would probably play} 24. Ne2 Bh3 25. Rg1 {planning 26 Rcf1.
}) 24. Qxf4+ Nxf4 25. exd5 Nxg2 26. Re7 $18 f5 27. dxc6 bxc6 28. d5 cxd5 29.
Bxd5 Nf4 30. Bb7 Rd6 31. Nb5 1-0

[Event "EU-chT (Men) 12th"]
[Site "Batumi"]
[Date "1999.12.05"]
[Round "7.4"]
[White "Gabriel, Christian"]
[Black "Kupreichik, Viktor D"]
[Result "1-0"]
[WhiteElo "2578"]
[BlackElo "2429"]
[Annotator "Baburin,A"]
[PlyCount "87"]
[EventDate "1999.11.06"]
[EventType "team-swiss"]
[EventRounds "9"]
[EventCountry "GEO"]
[SourceTitle "CBM 074"]
[Source "ChessBase"]
[SourceDate "2000.02.01"]
[SourceVersion "1"]
[SourceVersionDate "2000.02.01"]
[SourceQuality "1"]
[WhiteTeam "Germany"]
[BlackTeam "Belarus"]
[WhiteTeamCountry "GER"]
[BlackTeamCountry "BLR"]

1. d4 d5 2. c4 e6 3. Nc3 Nf6 4. cxd5 exd5 5. Bg5 c6 6. Qc2 Na6 7. a3 Nc7 8. e3
Ne6 9. Bh4 g6 10. Bd3 Ng7 11. Nf3 Be7 12. O-O O-O 13. b4 a6 14. Na4 $1 (14.
Rab1 Bf5 15. a4 Bxd3 16. Qxd3 Nf5 17. Bxf6 Bxf6 18. b5 a5 $5) 14... Bf5 15. Nc5
{Usually in such positions Black tries to tolerate the enemy knight on c5, as .
..b6 weakens his pawn chain on the queenside too much.} b6 16. Nb3 Bxd3 17.
Qxd3 Ne4 18. Bxe7 Qxe7 19. Rfc1 Rfc8 20. Rc2 $1 Nf5 21. Rac1 Qb7 22. Ne5 Ne7
23. f3 Nd6 24. e4 $1 Kg7 25. a4 $5 {[%mdl 32] White plans to weaken Black's
queenside furthermore with a4-a5.} f6 26. Ng4 dxe4 27. fxe4 Qd7 28. h3 h5 29.
Nf2 Nb7 30. a5 bxa5 31. bxa5 Qd8 32. Qc3 Rab8 33. Nd3 {[%csl Rc5]} Qd6 34. Rf2
$5 {[%csl Rf6]} Rf8 35. Qc4 $1 {[%csl Ra6,Re6]} Nd8 36. Nbc5 Rb5 37. Rcf1 Qc7
$2 38. Nf4 $18 {[%csl Re6]} Rxc5 39. Qxc5 Qd7 40. e5 Nf5 41. Nxh5+ gxh5 42.
Rxf5 Ne6 43. exf6+ Kg6 44. Rg5+ 1-0

[Event "Chigorin Memorial 07th"]
[Site "St Petersburg"]
[Date "1999.11.06"]
[Round "5"]
[White "Ionov, Sergey"]
[Black "Donchenko, Anatoly G"]
[Result "1-0"]
[WhiteElo "2553"]
[BlackElo "2413"]
[Annotator "Baburin,A"]
[PlyCount "119"]
[EventDate "1999.11.02"]
[EventType "swiss"]
[EventRounds "9"]
[EventCountry "RUS"]
[SourceTitle "CBM 074"]
[Source "ChessBase"]
[SourceDate "2000.02.01"]
[SourceVersion "1"]
[SourceVersionDate "2000.02.01"]
[SourceQuality "1"]

1. d4 Nf6 2. c4 e6 3. Nc3 d5 4. cxd5 exd5 5. Bg5 Be7 6. e3 Nbd7 7. Bd3 Nf8 8.
Nge2 Ne6 9. Bh4 O-O 10. O-O (10. Qc2 $5 g6 11. O-O-O c5 $5 $132) 10... c6 11.
Qc2 g6 12. Rad1 Nh5 13. Bxe7 Qxe7 14. f3 {[%mdl 4]} ({White employed a
different plan in the game 0-1 L.Johannessen-Westerinen, Gausdal 2000:} 14. e4
dxe4 15. Bxe4 Ng5 16. Bd3 Bg4 17. Qd2 (17. d5 $5) 17... Rad8 18. f3 Bc8 19.
Rfe1 Qf6 20. Bc4 Rfe8 21. d5 $36 {Then Black radically changed the character
of the game by} Nxf3+ 22. gxf3 Qxf3 {and after} 23. Qg5 h6 24. Qg2 Qe3+ 25. Qf2
Qg5+ 26. Kh1 b5 27. Bb3 b4 28. dxc6 bxc3 29. Bxf7+ Kg7 30. Bxe8 Rxe8 31. Nxc3
Rf8 {Black got lucky:} 32. Qe3 $4 Rf1+ 33. Rxf1 Qxe3 34. Rde1 Qc5 {0-1}) 14...
Bd7 15. Qd2 Rad8 16. a3 {There is no need to rush with e3-e4 here. White plans
to grab some space on the queenside first. White's position is very
comfortable and it's not surprising that many players (for example, Kasparov)
like to get this pawn formation with White.} Bc8 17. b4 a6 18. Rfe1 $14 {
White's position is more elastic - he can either play in the centre (у3-у4) or
go for the minority attack on the queenside.} Rfe8 19. Nc1 $1 f5 $6 {[%csl Re5]
Black takes measures against the central thrust, but creates a hole in his
position.} 20. Bf1 {[%cal Gc1d3,Gd3e5]} f4 21. exf4 Nhxf4 22. Re5 $1 Qf6 23.
Rde1 g5 24. Bd3 Bd7 25. Bf5 h6 26. Qe3 $1 Kf7 (26... Nxd4 $2 27. Qxd4 Qxf5 28.
Rxf5 Rxe1+ 29. Kf2 Rxc1 30. Rf6 $18) 27. g3 Ng6 28. Bxg6+ Kxg6 29. Nd3 $16 Nf8
$2 30. Na4 ({White could have won quicker -} 30. Nc5 $1 $18 Rxe5 31. dxe5 Qe7
32. Nxb7) 30... Kg7 31. Ndc5 Rxe5 32. dxe5 Qe7 33. Nxb7 $18 {White has both
positional and material advantage, so the rest is pretty clear.} Re8 34. Nd6
Ra8 35. Nc5 a5 36. Qc3 axb4 37. axb4 Kg8 38. Qd3 Rb8 39. Nxd7 Qxd7 40. Nf5 Rxb4
41. Nxh6+ Kh8 42. Ng4 Qh7 43. Qxh7+ Nxh7 44. e6 Rb8 45. e7 Re8 46. Ne5 Kg7 47.
Nxc6 Kf7 48. Re5 Nf6 49. Rxg5 Rc8 50. Nd4 Kxe7 51. Kf2 Rc3 52. Re5+ Kf7 53. g4
Rd3 54. Nf5 Rd2+ 55. Re2 Rd1 56. Re7+ Kf8 57. g5 Nh5 58. g6 Rd2+ 59. Ke3 Rg2
60. Rh7 1-0

[Event "Hawaii op"]
[Site "Honolulu"]
[Date "1997.??.??"]
[Round "?"]
[White "Baburin, Alexander"]
[Black "Saidy, Anthony Fred"]
[Result "1-0"]
[WhiteElo "2560"]
[BlackElo "2415"]
[Annotator "Baburin,A"]
[PlyCount "93"]
[EventDate "1997.04.??"]
[EventType "swiss"]
[EventRounds "11"]
[EventCountry "USA"]
[SourceTitle "EXT 1998"]
[Source "ChessBase"]
[SourceDate "1997.11.17"]
[SourceVersion "1"]
[SourceVersionDate "1997.11.17"]
[SourceQuality "1"]

1. d4 Nf6 2. c4 e6 3. Nc3 d5 4. cxd5 exd5 5. Bg5 c6 6. Qc2 Be7 7. e3 O-O 8. Bd3
Nbd7 9. Nge2 Re8 10. O-O Nf8 11. f3 Nh5 12. Bxe7 Rxe7 13. Qd2 f5 $5 $146 14. e4
$1 fxe4 15. fxe4 dxe4 16. Nxe4 Bg4 (16... Be6 $5 17. Qg5 g6 18. Qh6 $13) 17.
Kh1 $5 (17. Bc4+ $6 Be6 $11) (17. Rae1 $5) 17... h6 $6 (17... Bxe2 $1 18. Qxe2
Qxd4 19. Rad1 Qe5 20. Bc4+ (20. Qg4 $5 g6 21. Qh4) (20. Qf3 $5) 20... Kh8 21.
Qf2 $44) 18. Rae1 Qc7 $6 19. N2c3 $16 Rd8 20. Be2 $1 (20. Bc4+ $5 Kh8 21. d5)
20... Bxe2 21. Qxe2 Nf4 $8 22. Nf6+ Kf7 23. Qxe7+ Qxe7 24. Rxe7+ Kxe7 25. Ng8+
Kf7 26. Nxh6+ gxh6 27. Rxf4+ Kg6 {R 9/h} 28. d5 $4 (28. h3 Ne6 29. Rg4+ Kf5 30.
Ne2 $16) 28... cxd5 29. Rd4 Kf5 30. Rxd5+ Rxd5 31. Nxd5 Ke4 32. Nb4 a5 $6 $138
(32... Ne6 $1 33. g4 $1 (33. Kg1 $2 Nd4 34. a3 a5 35. Na2 Kd3 $17) 33... Kf3
$11) 33. Nc2 Kd3 34. Na3 Nd7 $1 (34... Ne6 35. g4 Nc7 36. h4 b5 37. g5 hxg5 38.
h5 Nd5 39. Nxb5 $16) 35. g4 Ne5 36. h3 Kd2 37. b3 Kc1 $4 (37... Kc3 $1 38. Kg2
Kb2 39. Nc4+ Nxc4 40. bxc4 Kxa2 41. h4 a4 $11) 38. Nc4 Nc6 39. h4 Kb1 40. g5
hxg5 41. h5 $1 $18 Ne7 42. h6 Ng6 43. a4 b6 44. Nxb6 Kc2 45. b4 axb4 46. a5 b3
47. Na4 1-0

[Event "RUS-ch"]
[Site "Elista"]
[Date "1995.??.??"]
[Round "8"]
[White "Sotnikov, Igor"]
[Black "Pushkov, Nikolai"]
[Result "0-1"]
[WhiteElo "2445"]
[BlackElo "2515"]
[Annotator "Baburin,A"]
[PlyCount "112"]
[EventDate "1995.10.??"]
[EventType "swiss"]
[EventRounds "11"]
[EventCountry "RUS"]
[SourceTitle "CBM 050"]
[Source "ChessBase"]
[SourceDate "1996.02.01"]
[SourceVersion "1"]
[SourceVersionDate "1996.02.01"]
[SourceQuality "1"]

1. d4 d5 2. c4 e6 3. Nc3 Be7 4. Nf3 Nf6 5. cxd5 exd5 6. Bg5 c6 7. Qc2 Na6 (7...
g6 8. e3 (8. e4) 8... Bf5 9. Bd3 Bxd3 10. Qxd3 Nbd7 $10) 8. a3 Nc7 9. e3 Ne6
10. Bh4 g6 {This old-fashioned plan is acceptable here, as White has spent
some time on a2-a3 - usually after Nb8-d7-f8-e6-g7 White is able to stop Bf5
by g2-g4 (after Bd3 & h2-h3), with further O-O-O and attack on the KSide.} 11.
Bd3 Ng7 12. O-O Bf5 {The point - Black gets rid of the Bishop, which is
supposed to be "bad".} 13. b4 a6 14. Bxf6 Bxf6 15. a4 (15. Na4 $5) 15... O-O
16. b5 a5 $5 {This is an idea of Spassky - Black keeps the a-pawns, as the
a5-pawn helps to control the b4-square, while the a4-pawn makes it difficult
for the a4-Knight to get to c5.} 17. Rab1 Bxd3 (17... Be7 $5) 18. Qxd3 Nf5 19.
Rfc1 Re8 20. bxc6 bxc6 21. Ne2 Qd6 22. Qc3 Ra6 23. Nf4 Rb8 24. Nd3 Rxb1 25.
Rxb1 Qc7 26. Qb3 Bd8 27. Nc5 Ra7 28. Qb8 $1 Kg7 29. Ne5 Ne7 30. Ned7 Qxb8 31.
Rxb8 Bc7 {[#] This typical "Carlsbad"-endgame favours White, who can attack
two potential targets: the panws on a5 & c6. The result of the game is due to
poor play of White later in the game; up to this moment he was doing well.} 32.
Rb1 (32. Rb7 $5) 32... Bd6 33. Rb7 Ra8 34. g3 h5 35. h3 g5 36. Kf1 Kg6 37. Ke2
g4 38. h4 f6 39. Nb6 Re8 40. Nb3 Nf5 41. Nd7 Bxg3 42. fxg3 Nxg3+ 43. Kf2 Ne4+
44. Kg2 Nd6 45. Rc7 Rxe3 46. Rxc6 Ne4 47. Nbc5 Rg3+ 48. Kf1 Rf3+ 49. Ke1 Re3+
50. Kd1 g3 51. Rc8 Kf5 52. Rg8 Nf2+ 53. Kd2 Ra3 54. Ke2 Ng4 55. Kf1 Kf4 56.
Nxf6 Kf3 0-1

[Event "RUS Cup final 4th"]
[Site "Elista"]
[Date "2000.08.30"]
[Round "11"]
[White "Kruppa, Yuri"]
[Black "Kosyrev, Vladimir"]
[Result "1-0"]
[WhiteElo "2582"]
[BlackElo "2512"]
[Annotator "Baburin,A"]
[PlyCount "75"]
[EventDate "2000.08.19"]
[EventType "tourn"]
[EventRounds "11"]
[EventCountry "RUS"]
[EventCategory "12"]
[SourceTitle "CBM 079"]
[Source "ChessBase"]
[SourceDate "2000.11.21"]
[SourceVersion "1"]
[SourceVersionDate "2000.11.21"]
[SourceQuality "1"]

1. d4 e6 2. c4 Nf6 3. Nc3 d5 4. cxd5 exd5 5. Bg5 c6 6. Qc2 Be7 7. e3 Nbd7 8.
Bd3 Nh5 9. Bxe7 Qxe7 10. Nge2 g6 11. O-O {In recent games Grandmasters
preferred the plan with 0-0-0 here. However, after this game castling kingside
may gain in popularity, as the set-up, which White employed in the game, looks
very attractive.} O-O 12. Rae1 (12. Rab1 Ng7 13. b4 a6 14. a4 Nf6 15. b5 axb5
16. axb5 Bf5 17. Nf4 Rfc8 18. bxc6 bxc6 19. Na4 $14 {Baburin-King, Dublin 1995.
}) (12. Qd2 $5 Ndf6 13. f3 Be6 14. e4 Rad8 15. e5 Nd7 16. f4 Ng7 17. h3 f5 18.
Kh2 c5 19. dxc5 Nxc5 20. Nb5 a6 21. Nbd4 $16 {Garcia Ilundain-Piankov, Leon
1998.}) 12... Ndf6 (12... Nb6 13. Nc1 Re8 14. Na4 Nxa4 15. Qxa4 Nf4 16. Be2
Nxe2+ 17. Rxe2 Bf5 18. Qb3 h5 19. Qc3 h4 $132 {Gershon-Chandler, Bermuda 1999.}
) 13. Nc1 $1 {This is the key move for the line with 11.0-0 and 12.Rae1. White
prepares to play f2-f3, while this knight can go to b3 and c5.} Ng7 14. f3 c5
$6 {[%csl Rd5]} 15. dxc5 Qxc5 16. Nb3 Qb6 17. Qf2 Ne6 (17... Bf5 18. e4 $1
Qxf2+ 19. Rxf2 {and Black has problems with hanging pieces on the f-file.}) 18.
Qh4 $1 Qd8 19. Rd1 Bd7 20. Rf2 Bc6 21. e4 $5 dxe4 22. Bxe4 Qe7 23. Bxc6 bxc6 {
[%csl Rc6]} 24. Ne4 Nd5 25. Qxe7 Nxe7 26. Rd7 {In the ending White's advantage
is close to decisive, as Black has too many structural weaknesses while his
pieces are inactive.} Nd5 27. Na5 Rfd8 28. Rxd8+ Nxd8 29. Rd2 Rb8 30. a3 f5 31.
Nc5 Kf7 32. b4 Ke7 33. Re2+ Kf7 34. Nc4 Nf6 35. Kf2 f4 36. h4 h6 37. Nd6+ Kf8
38. Ne8 $1 1-0

[Event "Lausanne YM Pool B"]
[Site "Lausanne"]
[Date "1999.05.12"]
[Round "1"]
[White "Kasimdzhanov, Rustam"]
[Black "Asrian, Karen"]
[Result "0-1"]
[WhiteElo "2606"]
[BlackElo "2576"]
[Annotator "Baburin,A"]
[PlyCount "70"]
[EventDate "1999.05.??"]
[EventType "tourn"]
[EventRounds "3"]
[EventCountry "SUI"]
[EventCategory "13"]
[SourceTitle "CBM 071"]
[Source "ChessBase"]
[SourceDate "1999.08.01"]
[SourceVersion "1"]
[SourceVersionDate "1999.08.01"]
[SourceQuality "1"]

1. d4 d5 2. c4 e6 3. Nc3 Nf6 4. cxd5 exd5 5. Bg5 Be7 6. e3 c6 7. Qc2 Nbd7 8.
Bd3 O-O 9. Nf3 Re8 10. O-O Nf8 11. h3 g6 12. Bh6 Nh5 13. Rab1 a5 14. a3 Ng7 15.
b4 axb4 16. axb4 Bf5 17. Bxg7 Bxd3 18. Qxd3 Kxg7 19. b5 {In such pawn
formation White usually has slightly better chances, as he might be able to
put pressure on the c6-pawn. Black should seek counter-play on the kingside
and along the open a-file.} Bd6 20. Rb3 Nd7 21. Rfb1 Ra7 22. g3 Nf6 23. Kg2 Qa8
24. Ne5 $2 ({Better was} 24. bxc6 bxc6 25. Nd2 {leaving Black with a backward
pawn on c6.}) 24... c5 {Now White's rook on the b-file look silly.} 25. b6 c4
26. Qd1 Ra5 27. Rb5 Qa6 28. g4 Rxb5 29. Nxb5 Qxb6 (29... Bxe5 $2 30. dxe5 Rxe5
31. Qd4 Re4 32. Qc3 h6 33. Nc7 $36) 30. Nc3 $6 (30. Nxd6 $142 Qxd6 31. Rxb7 Re7
$15) 30... Qa5 31. g5 $6 Bxe5 32. dxe5 Ne4 33. Nb5 Qa2 $19 34. Qe1 Rxe5 35. h4
Rf5 0-1

[Event "RUS-Cup03 Geller Memorial"]
[Site "Moscow"]
[Date "1999.02.14"]
[Round "5"]
[White "Volzhin, Alexander"]
[Black "Panikarovsky, A."]
[Result "1-0"]
[WhiteElo "2543"]
[BlackElo "2407"]
[Annotator "Baburin,A"]
[PlyCount "123"]
[EventDate "1999.02.10"]
[EventType "swiss"]
[EventRounds "9"]
[EventCountry "RUS"]
[SourceTitle "CBM 070"]
[Source "ChessBase"]
[SourceDate "1999.06.08"]
[SourceVersion "1"]
[SourceVersionDate "1999.06.08"]
[SourceQuality "1"]

1. d4 d5 2. Nf3 Nf6 3. c4 e6 4. Nc3 Nbd7 5. Bg5 c6 6. cxd5 exd5 7. e3 Be7 8.
Bd3 O-O 9. Qc2 Re8 10. h3 Nf8 11. O-O Ne4 {More common is 11...g6 or 11...Be6.
Also 11...Nh5 is quite popular.} 12. Bf4 Nxc3 13. bxc3 {This is the problem
with 11...Ne4 - White will be able to attack Black's centre again by c3-c4. In
practice this line brings White very good results.} Bd6 14. Bxd6 Qxd6 15. c4
Bd7 ({Also after} 15... dxc4 16. Bxc4 {White's chances are better, as his
central pawns are more valuable than Black's majority on the queenside.}) 16.
Rab1 b6 17. Rfc1 Rec8 18. Ne5 g6 19. c5 ({Also worth considering was} 19. cxd5
cxd5 20. Qb3 {for example:} Rxc1+ 21. Rxc1 Rc8 22. Rxc8 Bxc8 23. Qa4 {and
White has a very stable advantage. However, the text gives White even more.})
19... Qc7 20. cxb6 axb6 21. Qb3 Qd6 22. Qxb6 Rxa2 23. Qc5 ({I am not sure that
White should exchange queens in positions like this. I would have preferred} 
23. Rc2) 23... Qf6 (23... Qxc5 $5 24. Rxc5 f6) 24. Rc2 Rxc2 25. Bxc2 Be8 26.
Ba4 Nd7 27. Nxd7 Bxd7 28. Rb7 Qe6 29. Qa7 Be8 30. Bd1 Qd6 (30... h5 $5) 31. Bg4
Rd8 32. h4 h5 33. Bh3 Qf6 34. g3 Qd6 35. Kg2 Qf6 36. Qa5 Qd6 37. Qc7 Qf6 38.
Ra7 Kf8 39. Kf1 Qd6 $6 {This exchange has some tactical drawbacks.} ({It was
better to play} 39... Kg7) 40. Qxd6+ Rxd6 {White has obtained his dream
position - with the weak pawn on c6. Usually such are not easy to win, as
Black has only one weakness, but here Black's pieces are also awkwardly placed.
} 41. Rc7 f5 $2 {I really don't like this move, but it's hard to show an
alternative. The problem with the text is that White's bishop is shut only
temporarily and will find some other diagonals, while the whole complex of
dark squares in Black's camp is going to be weak forever.} ({Black's problem
is that after} 41... Rd8 42. Bc8 $1 {he is nearly in a stalemate and cannot
deal with the march of White's king to c5.}) 42. Ke2 Bd7 43. Kf3 Ke7 44. Kf4
Kf6 45. Bf1 $1 Be8 46. Bd3 Re6 47. Bc2 Rd6 48. Ba4 Bd7 49. Ra7 Be8 50. Kf3 Ke6
51. Rc7 Bd7 52. Ke2 $1 {The king is going to c5.} Be8 53. Kd3 Rd8 54. Bxc6 $1
Kd6 55. Bxe8 Kxc7 56. Bxg6 $18 Rf8 57. Ke2 Kd6 58. Kf3 Ke6 59. Kf4 Rf6 60. Bxh5
Rh6 61. Kg5 Rh8 62. Bg6 1-0

[Event "Capablanca Memorial Elite 34th"]
[Site "Havana"]
[Date "1999.05.18"]
[Round "10"]
[White "Baburin, Alexander"]
[Black "Hoffman, Alejandro"]
[Result "1/2-1/2"]
[WhiteElo "2586"]
[BlackElo "2547"]
[Annotator "Baburin,A"]
[PlyCount "74"]
[EventDate "1999.05.??"]
[EventType "tourn"]
[EventRounds "13"]
[EventCountry "CUB"]
[EventCategory "12"]
[SourceTitle "CBM 071"]
[Source "ChessBase"]
[SourceDate "1999.08.01"]
[SourceVersion "1"]
[SourceVersionDate "1999.08.01"]
[SourceQuality "1"]

1. d4 Nf6 2. c4 e6 3. Nc3 d5 4. cxd5 exd5 5. Bg5 Be7 6. e3 c6 7. Qc2 Nbd7 8.
Bd3 Nh5 9. Bxe7 Qxe7 10. Nge2 g6 11. O-O-O Nb6 12. Kb1 Bd7 13. Rc1 O-O-O 14.
Na4 Nxa4 15. Qxa4 Kb8 16. Rc3 Be8 {Black has to play this awkward move in
order to meet Rc3-a3 with ...b7-b6. Yet, it's hard for White to show any
advantage here.} 17. Ra3 b6 18. Qc2 Nf6 19. Nc3 (19. Rc1 $5 Ng4 $1 $13) 19...
Rc8 20. Rc1 c5 $1 21. dxc5 Rxc5 {White may be slightly better in this pawn
structure, but his a3-rook is misplaced and because of that Black is just fine.
} 22. Qb3 Bd7 23. Qb4 Re8 24. Qf4+ Qe5 25. Ne2 Qxf4 26. Nxf4 Rxc1+ 27. Kxc1 g5
28. Ne2 Ng4 $15 29. h3 Nxf2 30. Bxh7 Rh8 31. Bc2 g4 32. hxg4 Bxg4 33. Nf4 Rh1+
34. Kd2 Ne4+ 35. Bxe4 dxe4 36. Ra4 f5 37. Kc3 Rd1 1/2-1/2

[Event "Cannes m"]
[Site "Cannes"]
[Date "2000.02.23"]
[Round "1"]
[White "Bacrot, Etienne"]
[Black "Karpov, Anatoly"]
[Result "1/2-1/2"]
[WhiteElo "2594"]
[BlackElo "2696"]
[Annotator "Bacrot,E"]
[PlyCount "91"]
[EventDate "2000.02.23"]
[EventType "match"]
[EventRounds "2"]
[EventCountry "FRA"]
[SourceTitle "CBM 076"]
[Source "ChessBase"]
[SourceDate "2000.05.31"]
[SourceVersion "1"]
[SourceVersionDate "2000.05.31"]
[SourceQuality "1"]

1. d4 Nf6 2. c4 e6 3. Nc3 d5 {Une petite surprise puisque Karpov joue
généralement 3...Fb4} 4. cxd5 exd5 5. Bg5 Be7 6. e3 c6 7. Qc2 Nbd7 8. Bd3 O-O
9. Nf3 Re8 10. O-O-O Nf8 11. h4 $5 {J'ai décidé de jouer cette variante peu
connue,il faudrait plusieurs parties а haut niveau pour bien comprendre la
position. Les blancs n'ont pas d'idée claire alors que les noirs préparent
l'avance c6-c5. Le coup h4 sert а éviter un éventuel Cf6-e4.} Be6 12. Kb1 {
J'ai besoin de mettre le roi а l'abri, anticipant l'ouverture de la colonne
"c".} Rc8 13. Ka1 {C'était peut être le moment de jouer quelque chose de plus
actif mais je préfère continuer les mesures prophylactiques.} (13. h5 h6 14.
Bxf6 Bxf6 15. Bf5 c5 $13) (13. Rdg1 c5 14. Bxf6 Bxf6 15. g4 $13) 13... a6 {
13...c5 direct est également intéressant mais les noirs contrôlent d'abord la
case b5.} 14. Qb1 (14. Bxf6 Bxf6 15. Ng5 h6 16. Nxe6 Nxe6 17. g4 Bxh4 18. f4 {
Les blancs ont certaines compensations pour le pion.}) 14... b5 15. Rc1 ({
Une autre possibilité est} 15. Nd2 c5 16. dxc5 Bxc5 17. Nb3 $13) 15... h6 16.
Bf4 (16. Bxf6 Bxf6 17. Ne2 {mérite l'attention.}) 16... c5 17. dxc5 Bxc5 18.
Nd4 Bd7 {Ce coup prépare Cf8-e6 pour faire pression sur d4.} 19. f3 {Ce coup
défend "e4" et prépare g2-g4 mais affaiblit la case "e3".} Qb6 (19... Nh5 20.
Bh2 Rxe3 21. Nb3 $14) 20. Rhd1 Bxd4 $5 ({Après} 20... b4 21. Nce2 Nh5 (21...
Ne6 $6 22. Nxe6 $14) 22. Bh2 Rxe3 23. Bg1 {Les blancs ont des compensations
grâce а l'avance g4-g5.}) 21. exd4 b4 22. Ne2 Bb5 23. Rxc8 Rxc8 24. g4 Re8 $1
25. Nc1 h5 $1 {"Le meilleur coup de la partie" dit Karpov. En effet, ce coup
affaiblit la structure blanche а l'aile roi et les noirs prennent l'initiative.
} 26. g5 N6d7 (26... Bxd3 $5) 27. Bf5 {Les noirs voulaient échanger les fous
et jouer sur les cases blanches.} Ng6 28. Bxg6 {Il n'y a pas de choix. Si 28.
Fg3 Te3! gagne un pion.} Qxg6 {Je pense que 28...fxg6 est la meilleure chance
de prendre l'avantage. Karpov ,а court de temps, décide de poser quelques
problèmes sans prendre de risques.} (28... fxg6 29. Qc2 Rf8 30. Qd2 Qe6) 29.
Qxg6 fxg6 30. Bd2 a5 31. Nb3 {Il ne faut pas permettre la maneuvre Cb8-c6.} (
31. Re1 Rxe1 32. Bxe1 Nb8 $15) 31... a4 (31... Ba4 $5 32. Re1 Rxe1+ 33. Bxe1
Bxb3 34. axb3 Nb8 35. Kb1 Nc6 36. Bf2 Ne7 37. Kc2 Nf5 {Lors de l'analyse "post
mortem", nous avons conclu que les noirs n'ont pas de gain. La seule idée est
de jouer le roi en b5 et pousser "a4", les blancs doivent simplement être en
mesure de jouer "Rc2" après l'échange de pions en "a4" et c'est nul.}) 32. Nc5
b3 33. Re1 Rxe1+ 34. Bxe1 Nxc5 35. dxc5 Bd3 36. axb3 axb3 37. c6 {Heureusement
le pion "c" est là pour donner de l'air au roi blanc. Avec les fous de
couleurs opposés, la nulle est évidente.} Kf7 38. c7 Bf5 39. Bc3 Ke7 40. c8=Q
Bxc8 41. Kb1 Ke6 42. Kc1 Kf5 43. Kd2 Kf4 44. Ke2 Kg3 45. Be1+ Kg2 46. Ke3
1/2-1/2